00475nam a2200169 a 45000010005000000030009000050080041000140200016000550400028000710820016000991000033001152450046001482600053001943000015002476500015002626500028002771472CO-ViMGA141112s2004 ck r 000 u spa d a95833058212 aCO-ViMGAbspacCO-ViMGA04a923.3 S437p1 aSierra Montoya, Jorge Emilio10aProtagonistas de la Economía colombiana aSantafé de Bogotá : bPanAméricana, c1997 a260 p : il14aBIOGRAFIAS14aECONOMISTAS COLOMBIANOS